Statystyki dla Państwa, po 3 podpowiedziach #1

Kliknij tutaj aby rozwiązać quiz!

Ogólne statystyki

  • Ten quiz został rozwiązany 52 razy
  • Średni wynik to 8 z 10

Statystyki odpowiedzi

PodpowiedziPaństwo% Poprawnych
Piramidy, pustynia, faraonEgipt
100%
Surfing, pająki, kanguryAustralia
98%
''Ikea'', łosoś, AviciiSzwecja
96%
Tundra, wódka, matrioszkiRosja
93%
Góry, musztarda, ''Sąsiedzi''Czechy
87%
Śnieg, wulkany, zorza polarnaIslandia
87%
Stepy, bydło, Czyngis-ChanMongolia
74%
Gyros, plaże, korupcjaGrecja
72%
Lodowce, wołowina, GauchowieArgentyna
41%
Banany, chrześcijaństwo, rafa koralowaFilipiny
30%

Rozkład punktacji

Percentyl według liczby udzielonych odpowiedzi

Procent ludzi z każdym wynikiem

Twoja historia wyników

Nie rozwiązałeś tego quizu